Sports Quiz

Random Sports or Clickable Quiz
Score 0/13 Timer 01:30
0 Plays Today
% Correct
76ers
89.2%
Heat
86.2%
Celtics
83.8%
Cavaliers
81.5%
Pacers
67.7%
Knicks
66.2%
Hawks
65.4%
Spurs
57.7%
Raptors
56.9%
Bobcats
43.8%
Thunder
41.5%
Warriors
40%
Trail Blazers
22.3%
Remove Ads.
Support Sporcle.
Get the best of Sporcle when you Go Orange. This ad-free experience offers more features, more stats, and more fun while also helping to support Sporcle. Thank you for becoming a member.

You're not logged in!

Compare scores with friends on all Sporcle quizzes.
OR
Log In

Show Comments

Extras

Top Quizzes Today


Score Distribution

Your Account Isn't Verified!

In order to create a playlist on Sporcle, you need to verify the email address you used during registration. Go to your Sporcle Settings to finish the process.

Report this User

Report this user for behavior that violates our Community Guidelines.

Details: